000 00274nam a22001217a 4500
020 _a0-672-20808-3
082 _a621.39 COR'C
100 _aCORBIN, ALFERD
_978248
245 _aCOMPUTER DATA HANDLING
260 _aUSA
_bHOWARD W.SAMS
_c1974
300 _a176P
942 _cBK
999 _c583399
_d583399